[Event "NED-ch59"]
[Site "Leeuwarden"]
[Date "2004.07.02"]
[Round "3"]
[White "Visser, Yge"]
[Black "Nijboer, Friso"]
[Result "1-0"]
[WhiteElo "2445"]
[BlackElo "2578"]
[Annotator "Roiz,M"]
[PlyCount "81"]
[EventDate "2004.06.30"]
[EventType "tourn"]
[EventRounds "9"]
[EventCountry "NED"]
[EventCategory "12"]
[SourceTitle "CBM 102"]
[Source "ChessBase"]
[SourceDate "2004.09.23"]
[SourceVersion "1"]
[SourceVersionDate "2004.09.23"]
[SourceQuality "1"]

{[%mdl 4096]} 1. e4 c5 2. Nf3 Nc6 3. Bb5 e6 4. O-O Nge7 5. Re1 Ng6 {A rare
continuation. Black doesn't want to go for a long theoretical lines which can
arise after the main 5...a6 6.Bxc6 Nxc6 7.d4. At the same time,that move
allows white to seize a centre by c2-c3 and d2-d4-that's why 5...Ng6 gives
white more chances of getting advantage.} 6. c3 a6 {That move is the most
common in this position. Black wants to push white's bishop from b5 in order
to advance his Pd7.} ({As the following games show,other opportunities of
development are hardly sufficient for equalizing:} 6... Bd6 $6 $146 7. d4 cxd4
8. cxd4 O-O 9. Nc3 a6 10. Bd3 Bc7 11. e5 d6 12. Bg5 Qd7 13. exd6 Qxd6 14. Ne4
$1 $16 {1-0 Nedev,T-Krasenkow,M/ EUCup 18th Chalkidiki 2002 [Rabinovich,Al]}) (
6... Be7 7. d4 cxd4 8. cxd4 d5 9. Nc3 (9. e5 O-O 10. Nc3 f6 11. exf6 Bxf6 12.
Be3 Qd6 13. Qd2 Bd7 14. Rad1 Rae8 15. Bd3 $14 {1-0 Donaldson,J-Rind,B/Seattle
1980/EXT 2004 (35)}) 9... dxe4 10. Nxe4 O-O 11. a3 Nh4 12. Bxc6 bxc6 13. Nxh4
Bxh4 14. Bf4 Be7 15. Re3 $14 {1-0 Borgo,G-Verdier,P/Cannes 1997/CBM 57 ext (73)
}) 7. Bf1 {In my opinion,that is the best attempt to fight for the opening
advantage-white keeps his important bishop on the board and prepares d2-d4.} ({
The alternatives are:} 7. Ba4 c4 8. d4 cxd3 9. Qxd3 Be7 10. Be3 O-O 11. Nbd2 b5
12. Bc2 Qc7 $132 {[%csl Ge5][%cal Gc8b7] 1-0 Fedorowicz,J-Shabalov,A/Stratton
Mountain 1999/EXT 2000 (42)}) (7. Bxc6 bxc6 8. d4 (8. e5 Be7 9. Na3 a5 10. b3
O-O 11. Nc4 Ba6 12. Ba3 a4 13. Qc2 f6 14. d4 axb3 15. axb3 Bxc4 16. bxc4 fxe5
17. dxe5 Qc7 $15 {1/2-1/2 Joksic,S-Portisch,L/Biel 1992/CBM 31 ext (61)}) 8...
cxd4 9. cxd4 d5 10. Qc2 Bb7 11. Nbd2 Be7 12. Nb3 dxe4 13. Qxe4 Qd5 $11 {
0-1 Bhat,V-Shabalov,A/Stratton Mountain 1999/EXT 2000 (52)}) 7... Be7 (7... d5
{leads to the well known type of position with isolated pawn for white. But
black's Ng6 would be better placed on f6.} 8. exd5 Qxd5 9. d4 Bd6 10. dxc5 Qxd1
11. Rxd1 Bxc5 12. Nbd2 e5 13. Ne4 Be7 14. h3 Bf5 15. Nd6+ Bxd6 16. Rxd6 Ke7 17.
Rd1 Rhd8 18. Be3 $14 {1/2-1/2 Corkett,A-Varga,P/Hampstead 1998/EXT 99 (18)}) 8.
d4 d6 {Black chooses a slighty worse,but quite solid endgame.} (8... Qc7 9. Be3
b6 10. h4 O-O 11. h5 Nh8 12. g3 d6 13. Bh3 Bb7 14. Nbd2 Rae8 15. a3 $14 {
[%csl Rh8] 0-1 Pisk,P-Kovalev,A/Rymarov 1999/EXT 2003 (38)}) (8... cxd4 9. cxd4
d5 10. Nc3 O-O 11. a3 dxe4 12. Nxe4 b6 13. g3 Bb7 14. h4 Qd5 15. Nc3 Qf5 16.
Bd3 Qg4 17. Re4 $36 {0-1 Nikolenko,O-Moroz,A/Lubniewice 1994/CBM 45 ext (39)})
9. dxc5 ({White can also just complete his development in the middlegame:} 9.
Be3 O-O 10. Nbd2 b6 (10... cxd4 $5 11. cxd4 d5) 11. d5 Nb8 12. b4 exd5 13. exd5
Nd7 14. Nc4 Bb7 15. bxc5 bxc5 16. Rb1 Ra7 17. Qd2 h6 18. a4 Nf6 19. Nb6 Ng4 20.
Bf4 $14 {1-0 Stellwagen,D-Nijboer,F/Leeuwarden 2003/CBM 96 (69)}) 9... dxc5 10.
Qxd8+ Nxd8 $146 {That move allows black to avoid an exchange of his Bc8,but
hardly can decide black's problems,as his qside is quite compromised by a7-a6.}
(10... Bxd8 11. Be3 Be7 (11... b6 12. Nbd2 Bb7 13. Nc4 Bc7 14. Rad1 Rd8 15.
Rxd8+ Kxd8 16. Rd1+ Ke7 17. b4 cxb4 18. cxb4 Rd8 19. Rc1 b5 20. Na5 Bxa5 21.
bxa5 $14 {1/2-1/2 Glek,I-Majorovas,V/Vilnius 1984/MCD (53)}) 12. Nbd2 O-O 13.
a4 (13. Nc4 Bd7 14. Nb6 Rad8 15. Rad1 $14) 13... Na5 14. Red1 Rb8 15. h4 h5 16.
g3 e5 17. Nh2 Nh8 18. Be2 g6 19. Nc4 Nxc4 20. Bxc4 $14 {1/2-1/2 Kholmov,
R-Tseshkovsky,V/Vilnius 1975/MCL (65)}) 11. Nbd2 Rb8 12. a4 {That is a
standard method of play in such a positions-white gets an excellent spot for
his knight on c4,as b6-b5 will weaken black's qside.} b6 {On the other side,
black cannot let white to paralize his qside by a4-a5. But now,the Pb6 will be
always vulnerable,while white's knight is on c4.} 13. Nc4 f6 $6 {That is a
significant loss of time,which allows white to develop a serious initiative on
the qside.} ({More accurate was:} 13... O-O $142 14. Be3 Nc6 15. Red1 Rd8 16.
Rxd8+ Nxd8 $14 {with a defensible position.}) 14. Be3 {White's play is simple
and very effective. The bishop will put a strong pressure on black's qside
pawns,so b2-b4 become a very serious idea.} ({Weaker was:} 14. e5 $6 Bb7 15.
exf6 gxf6 {and black's pieces gets some activity.}) 14... Nf7 {Black is trying
to consolidate his position. At this moment he takes control on ''d6'' square,
but he cannot prevent white from pushing b2-b4.} (14... e5 15. b4 Ne6 16. Red1
$16) (14... Nc6 15. Red1 O-O 16. Nd6 $16) 15. b4 {White wants to realize his
main idea,while black's king is still in the centre,but that allows black to
swap the pawns on the qside.} ({White could also prepare 16.b4:} 15. Reb1 $5
Nd6 16. Nfd2 O-O 17. b4 $36 {with a serious initiative in the endgame.}) 15...
cxb4 $6 {That natural move leads to a hardly defensible position.} ({Better
was:} 15... O-O 16. Reb1 (16. bxc5 bxc5 17. Rab1 Bb7) 16... Bb7 17. Nfd2 Ba8
18. bxc5 bxc5 $16 {although white's advantage is obvious here.}) 16. cxb4 Bxb4
17. Reb1 a5 {Black's main idea is avoiding a penetration of white's rook as
long as it possible,but now white will win the Pa5 without any problems.} ({
An alternative was:} 17... Bc3 18. Ra3 Be5 19. Rxb6 Rxb6 20. Nxb6 Bb7 21. Nxe5
Ngxe5 22. Rc3 {[%csl Ra6,Rb7][%cal Gc3c7]} Kd8 23. f4 Ng4 (23... Nd7 24. Rd3
Bc6 25. a5 $16 {[%csl Ra6]}) 24. Bc5 $16 {and black's knights have no squares
at all.}) 18. Bxb6 {White is ahead in development,while black's Pa5 is very
weak.} Ra8 $8 {It's clear,that if black makes such an ''ugly'' moves-his
position is not good at all,but actually that is the only move!} 19. Nd4 {
Now the knight gets a good perspectives-it can attack black's defender Bb4 or
come to b5,there it will be very unpleasant for black.} Bd7 (19... O-O 20. Nc2
$18 {[%csl Ra5]}) 20. Nb5 ({Another opportunity of winning a pawn was:} 20. Nc2
$16) 20... O-O (20... Bxb5 21. axb5 O-O 22. Nxa5 {is completely hopeless.}) 21.
Nc7 Rac8 22. Nxa5 $18 {White has an extra pawn,while black's pieces are far
away from his passed pawn.} Bc3 (22... Bd6 23. Nb5 Be5 24. Ra2 $18 {[%cal
Ga5c4]}) 23. Ra3 (23. Ra2 $5 Be5 24. Nb5) 23... Be5 {Black is trying to
prevent white from advancing his passed pawn as long as he can.} 24. Nb5 Rb8
25. Be3 ({Deserved attention:} 25. Nc4 $5 Bc6 26. f3 {[%cal Ga4a5] and white
consolidate his position.}) 25... Nd6 ({An attempt to reach some counterplay:} 
25... f5 26. exf5 exf5 {fails to:} 27. Rd1 Rfd8 28. Rad3 $1 $18 {with a
decisive pin.}) 26. Nc4 $2 {That move is probably connected with a blunder,as
i don't see any reason for giving the pawn back.} ({Besides,white had two good
continuations:} 26. Bc5 $5 Rfc8 27. Bxd6 Bxd6 28. Rd3 Bxb5 29. axb5 Bc7 $140 (
29... Bc5 30. Rdd1 {[%cal Ga5c6]} Ne5 31. Rbc1 {[%cal Ga5c6]} Ng4 32. Rc2 Ne3
33. Rxc5 Nxd1 34. Rxc8+ Rxc8 35. b6 Rc1 36. b7 Rb1 37. Bd3 Rb6 38. Ba6 $18) 30.
Nc6 $1 Bxh2+ 31. Kxh2 Rxc6 32. bxc6 Rxb1 33. c7 Ne7 34. Rd7 $18) (26. Bd3 $5
Nf4 (26... Ra8 27. Nc4 Nxc4 28. Bxc4 Rfc8 29. Bf1 $18) 27. Bxf4 Bxf4 28. g3 Be5
29. Rab3 $18) 26... Bxb5 $1 ({Black could win a pawn back,but the position
after} 26... Nxe4 $2 27. Nxe5 Nxe5 28. f3 Bxb5 29. axb5 Nd6 30. Ra7 Rf7 31. b6
{seems to be lost.}) 27. axb5 Nxb5 28. Rab3 Nc3 $1 {Maybe that move was
overlooked by white-now black keeps a material ballance.} 29. Rxb8 Bxb8 $6 {
A very strange decisison from practical point of view:black is letting white
to create some unpleasant threats,using his active rook.Anyway,black had no
chance of win,so he should swap the rooks without thinking too much.On the
other hand,white is still has no real chances of winning...} ({A clear draw
could arise after} 29... Rxb8 30. Rxb8+ Bxb8 $11) 30. Rb6 Nxe4 {The most
natural continuation-black's knight is completely safe now.} ({After} 30... Re8
31. f3 Nd1 32. Bc5 Ba7 33. Rc6 Bxc5+ 34. Rxc5 {[%csl Rd1] black has some
problems with his Nd1.}) 31. Rxe6 Ng5 ({Possible was:} 31... Ne5 32. Nxe5 fxe5
33. f3 Nf6 $14 {and white can hardly realize his minimal advantage,as there is
no much material on the board.}) 32. Rc6 Bf4 {Black is under some pressure,so
it's clear that he wants to simplify the position.} 33. Bxf4 Nxf4 34. Nd6 Ng6
35. g3 Nf3+ $6 ({More accurate was:} 35... Rd8 36. f4 (36. Nf5 Ne5 37. Rc7 g6
38. Nh6+ Kf8 39. h4 (39. f4 Rd2 $11 {[%cal Gg5f3]}) 39... Ngf3+ 40. Kg2 Rd2 $1
$11 {[%cal Gf3e1]}) 36... Nf3+ 37. Kg2 Nd4 38. Rb6 Kf8 $11) 36. Kg2 Nfe5 $2 {
That is already a serious mistake-black takes the only square of his own Ng6!}
({After the correct} 36... Nge5 37. Rc7 Rd8 38. Nf5 g6 39. Nh6+ Kf8 40. Be2 (
40. Rxh7 Rd2 $11 {[%cal Gf3e1]}) 40... Nd4 {black should hold the position.})
37. Rc7 {[%cal Gd6f5]} Rd8 ({Hopeless was:} 37... Nh8 38. f4 Nef7 39. Bc4 {
[%cal Gg2f3]} g6 40. g4 h6 41. Re7 $18 {[%cal Gd6e8]}) 38. Nf5 Rd7 $4 {That is
a decisive blunder,but black's position was lost anyway.} (38... Nf7 39. Bc4
Nge5 (39... Ngh8 40. Nd6 $1 Rf8 41. g4 g6 42. Re7 $18) 40. Bb3 {[%cal Gf2f4]}
Kf8 41. f4 Nd7 42. Nd4 $18 {[%cal Gd4e6,Gd4c6]}) 39. Bc4+ Nxc4 40. Rxd7 Nce5
41. Rxg7+ 1-0

[Event "Bundesliga 0203"]
[Site "Germany"]
[Date "2002.12.15"]
[Round "6.6"]
[White "Joachim, Sven"]
[Black "Hoffmann, Michael"]
[Result "1/2-1/2"]
[WhiteElo "2471"]
[BlackElo "2438"]
[Annotator "Roiz,M"]
[PlyCount "51"]
[EventDate "2002.10.19"]
[EventType "team-tourn"]
[EventRounds "15"]
[EventCountry "GER"]
[SourceTitle "CBM 093"]
[Source "ChessBase"]
[SourceDate "2003.04.01"]
[SourceVersion "1"]
[SourceVersionDate "2003.04.01"]
[SourceQuality "1"]
[WhiteTeam "Werder Bremen"]
[BlackTeam "Solingen"]
[WhiteTeamCountry "GER"]
[BlackTeamCountry "GER"]

1. e4 c5 2. Nf3 Nc6 3. Bb5 e6 4. O-O Nge7 5. Re1 a6 6. Bf1 d5 {This is the
main move.} (6... g6) (6... Ng6) 7. exd5 (7. d3 h6 (7... d4 $5 8. e5 Nd5 9. g3
Be7 10. Bg2 b5 {Campora,D-Granda Zuniga,Sao Paulo zt 1993}) 8. Nbd2 g6 9. exd5
exd5 10. d4 cxd4 11. Nb3 Bg7 12. Nbxd4 O-O 13. Be3 Re8 14. Qd2 Kh7 $11 {
0.5-0.5 Sutovsky,E-Van Wely,L/Lost Boys op 2002}) 7... Nxd5 (7... Qxd5 8. Bd3
$1 {this strong move is the only way to fight for the opening advantage.} Ng6 (
8... g6 9. Be4 Qd6 10. b4 $1 {[%cal Gc1b2]} Bg7 11. bxc5 Qxc5 12. Ba3 Qa5 13.
c3 Qc7 14. d4 O-O 15. Bxc6 bxc6 16. Ne5 Bb7 17. Nd2 Rfd8 18. Bc5 Nd5 19. Qf3
Rab8 20. c4 $16 {1-0 Benjamin,J-Shabalov,A/Foxwoods op 2002}) 9. Be4 Qd6 10. c3
Be7 11. d4 O-O 12. Be3 cxd4 13. cxd4 Bd7 14. Nc3 Rad8 15. Rc1 $14 {1-0
Benjamin,J-Hahn,A/USA-ch Seattle 2002}) 8. d4 Be7 $5 {This move was played
several times by russian Gm Andrei Shariyazdanov.The practice shows,that
getting advantage is very hard for white.} (8... Nf6 9. Be3 cxd4 10. Nxd4 Bd7
11. Nb3 Qc7 12. c4 Bb4 13. Nc3 O-O 14. Rc1 Na5 15. Nd2 h6 16. a3 Bd6 17. g3 Nc6
18. b4 $14 {1-0 Smagin,S-Lazarev,V/Montreal 1st 2000}) (8... cxd4 9. Nxd4 Ndb4
10. Nxc6 Qxd1 11. Rxd1 Nxc6 12. Nd2 e5 13. Nc4 Bg4 14. f3 Be6 15. c3 Bc5+ 16.
Be3 Bxe3+ 17. Nxe3 $11 {Lutikov,A-Mochalov,E/Sokolsky mem 1981}) 9. dxc5 O-O (
9... Bxc5 10. c4 Nf6 11. Qxd8+ Kxd8 12. Nc3 h6 13. Bf4 Ke7 14. Nd5+ Kf8 15. Be3
(15. Nxf6 gxf6 16. Rad1 e5 17. Be3 $14) 15... Bxe3 16. Nxe3 $14 {0.5-0.5
Magomedov,M-Gunawan,R/Dhaka 1995}) 10. c4 (10. a3 a5 $5 11. c4 Nf6 12. Nc3 Qxd1
13. Rxd1 Nd7 $1 14. Na4 Nxc5 15. Nxc5 Bxc5 $11 {Trois,F-Timman,J/Buenos Aires
ol(Men) 1978}) 10... Nf6 11. a3 Bxc5 (11... a5 $1 {leads to Trois-Timman looks
very convincing.}) 12. b4 Be7 13. Qxd8 (13. Ra2 {[%cal Ga2d2]} Qc7 $1 {[%cal
Gf8d8]} 14. Rd2 b6 15. Nc3 Bb7 $11) 13... Rxd8 14. Nc3 $14 {[%csl Rb6] White
is slighty better due to the weakness on b6.} Bd7 15. Be3 (15. Na4 Nd4 $1 16.
Nb6 Nc2 17. Nxa8 Nxe1 18. Nxe1 Rxa8 $11) 15... Be8 16. Na4 $6 {After this move
black can equalize but exchange of the knight. But I don't think that white
could get something serious here.} (16. Rad1 Rxd1 17. Rxd1 Rd8) (16. c5 $5 {
[%cal Gf3d2,Gd2c4]}) 16... Nd4 $1 17. Bxd4 (17. Nb6 Nxf3+ 18. gxf3 Rab8 19. Bf4
(19. c5 Nd5) 19... Bd6) 17... Bxa4 18. Bb6 Rdc8 $11 {[%cal Gf6d7]} 19. Ne5 Nd7
20. Nxd7 Bxd7 {The endgame is absolutely equal.} 21. g3 Kf8 22. c5 Bd8 (22...
Bc6 23. a4 Bd5 {[%cal Ge7d8,Ge7f6]}) 23. Bxd8 Rxd8 24. Bg2 Bc6 25. Rad1 Ke7 26.
h4 1/2-1/2

[Event "Santiago Entel Cup 2nd"]
[Site "Santiago de Chile"]
[Date "2005.03.22"]
[Round "13"]
[White "Llorens Sepulveda, Marcelo"]
[Black "Felgaer, Ruben Alejandro"]
[Result "0-1"]
[WhiteElo "2418"]
[BlackElo "2588"]
[Annotator "Roiz,M"]
[PlyCount "72"]
[EventDate "2005.03.15"]
[EventType "tourn"]
[EventRounds "13"]
[EventCountry "CHI"]
[EventCategory "9"]
[SourceTitle "CBM 106"]
[Source "ChessBase"]
[SourceDate "2005.06.06"]
[SourceVersion "1"]
[SourceVersionDate "2005.06.06"]
[SourceQuality "1"]

1. e4 c5 2. Nf3 Nc6 3. Bb5 e6 4. O-O Nge7 5. c3 d5 {That move is a rare guest
in the modern practice.} ({The main line is:} 5... a6 6. Ba4 b5 (6... c4 $5) 7.
Bc2 Bb7 8. Qe2 (8. Re1)) 6. e5 $6 {That move doesn't promise white any
advantage.} ({As the practice shows,black usually faces problems after:} 6.
exd5 Qxd5 7. Re1 {,as white has some development advantage} {For example:} Bd7
8. Na3 Ng6 (8... Nf5 $2 {--> see comments to 1-0 Sutovsky,E-Tsesarsky,I/
ISR-chT Israel 2001 [Tsesarsky]}) 9. Bc4 Qh5 10. d4 Be7 11. Be2 Qf5 12. dxc5
Rd8 13. b4 $16 {1-0 Smirnov,P-Frolyanov,D/Samara 2002/CBM 89 ext (35)}) 6... a6
$146 {That natural move is new according to my Database.} (6... Bd7 {[%cal
Rc6e5]} 7. Qe2 $6 a6 8. Bd3 Ng6 $15 {1-0 Tyomkin,D-Kundin,A/Tel Aviv 2002/CBM
92/[Tyomkin,D] (50)}) 7. Ba4 c4 {Not allowing white to create a solid pawns
centre by d2-d4.} 8. d4 {A bit premature.} ({I would prefer:} 8. Re1 $5 {
in order to meet} Ng6 {with} 9. Bxc6+ bxc6 10. b3 cxb3 11. axb3 c5 12. d4 $132
{with a long strategical battle.}) 8... cxd3 9. Qxd3 Ng6 10. Re1 Bd7 {Now
black can easily attack white's Pe5.} 11. Bc2 Qc7 12. Qe2 {That natural move
allows black to complete the development very comfortably.} ({Deserved
attention:} 12. Qe3 $5 Be7 (12... b6 13. Nbd2 Bc5 14. Qe2 b5 15. Nb3 Ba7 16. a4
$132) 13. Nbd2 O-O 14. Nb3 $11) 12... Bc5 13. Nbd2 Ba7 $1 {The point is that
after Ba7-b8 white couldn't keep control of Pe5 without exchanging the bishop.}
14. Nb3 Rc8 {Black is not hurrying with a castle,since white cannot create
serious threats.} 15. h4 $6 {A serious loss of time-white should take care of
his drak-squared bishop.} ({Better was:} 15. Be3 $142 Bb8 16. Bxg6 hxg6 17. Bc5
$132 {with a very complicated play.}) 15... Bb8 16. g3 $2 {As it usually
happens-one mistake leads to another one: the sactifice is completely not
correct.} ({Necessary was:} 16. Bxg6 fxg6 (16... hxg6 $143 17. Bg5 $132) 17.
Bf4 O-O 18. Bg3 Ba7 $15 {[%cal Gc6e7,Ge7f5] and black has only a slight
advantage.}) 16... Ncxe5 17. Nxe5 Nxe5 $1 {The most principal continuation.} ({
Less convincing would be:} 17... Qxe5 18. Bxg6 Qxe2 19. Bxf7+ Kxf7 20. Rxe2 e5
$15) 18. Bf4 f6 19. Qh5+ ({White is also in troubles after:} 19. Nd4 O-O (19...
Qb6 $5) 20. Qh5 g6 21. Bxe5 fxe5 22. Bxg6 Be8 23. Bxe8 Rcxe8 24. Nf3 e4 25. Ng5
Qg7 $17) 19... Ke7 {Black's king feels quite safely behind his pawns.} 20. Nd4
g6 21. Qd1 {That retreat doesn't look good,but i can hardly recommend
something better.} ({For instance,} 21. Qh6 Kf7 22. Bxe5 fxe5 23. Nf3 e4 24.
Ng5+ Kg8 25. h5 Qe5 26. hxg6 hxg6 27. Qxg6+ Qg7 28. Qxg7+ Kxg7 $17) (21. Qe2
Kf7 $17) 21... Kf7 {Black has a time for consolidating.} (21... Rhe8 $5 $17)
22. Bb3 {This move is pointless,since the bishop has no perspectives on that
diagonal.} ({An attempt to exploit the pin fails to:} 22. Nf3 Nxf3+ 23. Qxf3
Qb6 24. Bg5 (24. Bxb8 Rxb8 $17) 24... Rhf8 $1 25. Bh6 (25. Bxf6 Kg8 $19) (25.
Qxf6+ Kg8 $19) 25... Qxb2 26. Bxf8 Qxc3 $1 $17) 22... Qb6 23. Be3 Qd6 24. f4 $2
{That looks like a desperation-white only weakens his own position.} ({More
stubborn would be:} 24. Bf4 Kg7 25. h5 Rhe8 $17 {although there is no
compensation for a pawn.}) 24... Nc4 {That looks ugly,but white's position was
already completely hopeless.} 25. Bc1 ({Hardly better would be:} 25. Bxc4 Rxc4
(25... dxc4 26. Qf3 Bc6 27. Nxc6 Qxc6 $19) 26. Nf3 e5 27. fxe5 fxe5 28. Qd2 Re8
29. Rad1 Bc6 $19) 25... Rhe8 {[%cal Ge6e5] Preparing a decisive breakthrough.}
26. h5 (26. Qf3 Kg7 27. h5 e5 $19) 26... e5 $1 {Finally,it comes!} 27. fxe5
fxe5 28. Nf3 ({or} 28. Nc2 Be6 29. Qe2 Na5 $19) 28... Kg7 {All black's pieces
are ready for the attack.} 29. Rf1 (29. hxg6 Qxg6 30. Kg2 e4 31. Qd4+ Kg8 32.
Ng5 (32. Qxd5+ Be6 $19) 32... Re5 $19) 29... Bg4 30. h6+ Kh8 31. Qe1 {White is
looking for some tactical tricks which connected with an idea of Nf3-g5-f7.
Such a hopes looks quite funny,but...} Bh3 $2 {A strange choice-black could
simplify the position and get a clearly winning endgame.} ({Much stronger was:
} 31... Bxf3 $142 32. Rxf3 e4 33. Rf1 Qxg3+ 34. Qxg3 Bxg3 $19) 32. Bxc4 (32.
Ng5 Qc5+ 33. Rf2 Bf5 34. Kh1 Rf8 $19) 32... Rxc4 $4 {A terrible blunder! Black
is weakening the 8th rank and that could cost him much!} ({After the correct} 
32... dxc4 33. Ng5 Be6 34. Rf6 Qd7 35. Be3 Bf5 36. Qf2 Kg8 $15 {he is still
better,although white has some tactical counterchances due to weakness of Kg8.}
) 33. Rf2 $4 {It's just unbelievable,but white doesn't take his chance!} ({
At the same time,after the obvious move} 33. Ng5 $1 {i failed to find even
equality for black! For example:} Qc5+ ({After} 33... Be6 34. Rf6 Rc7 35. Qf2
$18 {[%cal Gc1d2,Ga1f1] black cannot prevent white from completing the
development by Bc1-d2/e3 and Ra1-f1 and...getting a deicisive attack!}) ({After
} 33... Ba7+ 34. Be3 Bxe3+ 35. Qxe3 Be6 36. Rf6 $18 {black is also helpless})
34. Be3 Qc8 35. Rf7 Rc7 36. Qf2 Bf5 37. g4 $2 Rxf7 38. Nxf7+ Kg8 39. gxf5 Qxf5
40. Ng5 $16) 33... Re4 $19 {Now the game is over-black has a material
advantage,while white's pieces cannot help their monarch.} 34. Re2 (34. Qd2 Ba7
35. Ng5 Qf6 36. Nxe4 (36. Nxh3 Qf3 $19) 36... dxe4 37. Qe2 Qb6 38. Kh2 Bg4 $19)
34... Rxe2 35. Qxe2 Bg4 36. Qg2 (36. Qe3 Bc7 37. Ng5 Rf8 38. Kg2 Qc6 $19) 36...
Rf8 (36... Rf8 37. Nh2 Ba7+ 38. Kh1 Bf5 $19 {[%cal Gf5e4]}) 0-1